|
|
|
|
| LEADER |
01254nab#a2200325#ar4500 |
| 001 |
000076909 |
| 003 |
SVKKK |
| 005 |
20060710xxxxxxx. |
| 008 |
06 c xo huno |
| FMT |
|
|
|
| 038 |
|
|
|a SVKKK
|
| 040 |
|
|
|a SVKKK
|b slo
|e AACR2
|
| 041 |
0 |
|
|a hun
|
| 044 |
|
|
|a xo
|c SK
|
| 080 |
|
|
|a 929.52
|
| 100 |
1 |
|
|a Doby Feöldi, Anton
|4 aut
|
| 242 |
1 |
0 |
|a Rodokmeň slávneho rodu Rákoci
|
| 245 |
1 |
0 |
|a A fényes Rákoczi nemzetség családfája
|c Anton Doby Feöldi
|
| 500 |
|
|
|a Antal
|
| 520 |
2 |
|
|a Autor 4 desaťročia zhromažďuje údaje k rodokmeňu. ale súdobo sa mu nepodarilo ho skompletizovať. Chýbajúcich členov rodu vymenúva pred I. tabuľkou. Niektorí z nich mali panstvá v Moravanoch (na Zemplíne), Rakovci nad Ondavou a v Slavkovciach. I. tabuľka rozvádza rod od roku 1222 do roku 1572. Ďalšia II. tabuľka od roku 1517 od Žigmunda I. do roku 16616 po rod kniežaťa.
|
| 650 |
0 |
4 |
|a Rákoci (rod) - podklady sústreďované - roky 1222-1616 - dejiny
|
| 773 |
0 |
|
|t Adalékok Zemplénvármegye Történetéhez
|g Roč. 12, č. 5-6 (1906) s. Príloha
|
| 957 |
|
|
|a Moravany
|
| 957 |
|
|
|a Rakovec nad Ondavou
|
| 958 |
|
|
|a DG
|
| 958 |
|
|
|a SK
|
| 974 |
|
|
|a Ba
|d 20060710
|
| 992 |
|
|
|a RBX
|
| BAS |
|
|
|
| 998 |
|
|
|a RETRO
|